ბათუმის შოთა რუსთაველის სახელმწიფო უნივერსიტეტის ბიბლიოთეკა

Основания арифметики (ბიბ.ჩანაწერი № 38977)

000 -LEADER
fixed length control field 00588nam a2200205Ia 4500
001 - CONTROL NUMBER
control field 5438
003 - CONTROL NUMBER IDENTIFIER
control field GE_BSU
008 - FIXED-LENGTH DATA ELEMENTS--GENERAL INFORMATION
fixed length control field 181216s||||||||xx |||||||||||||| ||und||
040 ## - CATALOGING SOURCE
Transcribing agency GE_BSU
080 ## - UNIVERSAL DECIMAL CLASSIFICATION NUMBER
Universal Decimal Classification number 511.1
100 ## - MAIN ENTRY--PERSONAL NAME
Personal name Демидов,. И.Е.
245 ## - TITLE STATEMENT
Title Основания арифметики
245 ## - TITLE STATEMENT
Remainder of title Учебное пособие для физ-мат. фак-ов педагог. ин-тов
260 ## - PUBLICATION, DISTRIBUTION, ETC.
Place of publication, distribution, etc. Москва
260 ## - PUBLICATION, DISTRIBUTION, ETC.
Name of publisher, distributor, etc. Учпедгиз
260 ## - PUBLICATION, DISTRIBUTION, ETC.
Date of publication, distribution, etc. 1963
300 ## - PHYSICAL DESCRIPTION
Extent 156 с. 20 см.
653 ## - INDEX TERM--UNCONTROLLED
Uncontrolled term Основания арифметики
942 ## - ADDED ENTRY ELEMENTS (KOHA)
Koha item type წიგნი
ეგზემპლარები
Withdrawn status Lost status Damaged status Not for loan Date acquired Barcode Date last seen Price effective from Koha item type
        2018-12-17 16119 2018-12-17 2018-12-17 წიგნი
        2018-12-17 16118 2018-12-17 2018-12-17 წიგნი